Biblioteca y Centro de Documentación

Actualité du droit de la formation (Registro nro. 49037)

Detalles MARC
000 -CABECERA
Longitud fija campo de control 00987naa a2200241 c 4500
001 - NÚMERO DE CONTROL
Número de control 49037
003 - IDENTIFICADOR DE NÚMERO DE CONTROL
Identificador del número de control ES-MaCES
005 - FECHA Y HORA DE LA ÚLTIMA TRANSACCIÓN
Fecha y hora de la última transacción 20170317111739.0
008 - CAMPO FIJO DE DESCRIPCIÓN FIJA--INFORMACIÓN GENERAL
Códigos de información de longitud fija   170317s2016 fr ||||| t||||||| ||fre d
040 ## - FUENTE DE CATALOGACIÓN
Centro catalogador de origen ES-MaCES
Lengua de catalogación spa
Centro transcriptor ES-MaCES
Centro modificado ES-MaCES
100 1# - ENCABEZAMIENTO PRINCIPAL--NOMBRE PERSONAL
9 (RLIN) 17168
Nombre de persona Luttringer, Jean-Marie
245 10 - MENCIÓN DE TÍTULO
Título Actualité du droit de la formation
Resto del título : le paritarisme de gestion de la formation professionnelle, enju politique
Mención de responsabilidad, etc. Jean-Marie Luttringer
650 #4 - ASIENTO SECUNDARIO DE MATERIA--TÉRMINO DE MATERIA
9 (RLIN) 27394
Término de materia o nombre geográfico como elemento inicial formación profesional
650 #4 - ASIENTO SECUNDARIO DE MATERIA--TÉRMINO DE MATERIA
9 (RLIN) 27211
Término de materia o nombre geográfico como elemento inicial política gubernamental
650 #4 - ASIENTO SECUNDARIO DE MATERIA--TÉRMINO DE MATERIA
9 (RLIN) 27373
Término de materia o nombre geográfico como elemento inicial política educativa
650 #4 - ASIENTO SECUNDARIO DE MATERIA--TÉRMINO DE MATERIA
9 (RLIN) 29970
Término de materia o nombre geográfico como elemento inicial gestión de la formación
650 #4 - ASIENTO SECUNDARIO DE MATERIA--TÉRMINO DE MATERIA
9 (RLIN) 29976
Término de materia o nombre geográfico como elemento inicial relación formación empleo
650 #4 - ASIENTO SECUNDARIO DE MATERIA--TÉRMINO DE MATERIA
9 (RLIN) 26943
Término de materia o nombre geográfico como elemento inicial Francia
653 10 - TÉRMINO DE INDEXACIÓN--NO CONTROLADO
Término no controlado Educación
773 0# - ENTRADA DE DOCUMENTO FUENTE
Itemnumber del ítem fuente 85644
Lugar, editor y fecha de publicación Paris (Soufflot, 3, 75005) Editions techniques et économiques
Otro identificador del documento 088542
Título Droit social
Número de control del registro relacionado (ES-MaCES)25161
Parte(s) relacionada(s) nº 12 (déc. 2016) {10143 R. 088542} ;p. 1024-1028
902 ## - CES. TIPO DE DOCUMENTO
Tipodoc (006$c Sirtex) ART Artículo de revista
942 ## - ELEMENTOS KOHA
Fuente de clasificaión o esquema Clasificación propia del CES
Koha [por defecto] tipo de item Artículos (1982-2017)
Parte de clasificación Educación

No hay ítems disponibles.

© CES, Consejo Económico y Social de España 2021